Business needs in procurement and supply. / (Record no. 7543)
[ view plain ]
| 000 -LEADER | |
|---|---|
| fixed length control field | 01032nam a22002297a 4500 |
| 003 - CONTROL NUMBER IDENTIFIER | |
| control field | OSt |
| 005 - DATE AND TIME OF LATEST TRANSACTION | |
| control field | 20220608152545.0 |
| 008 - FIXED-LENGTH DATA ELEMENTS--GENERAL INFORMATION | |
| fixed length control field | 120524t xxu||||| |||| 00| 0 eng d |
| 020 ## - INTERNATIONAL STANDARD BOOK NUMBER | |
| International Standard Book Number | 9781861242280 |
| 040 ## - CATALOGING SOURCE | |
| Transcribing agency | LC |
| 050 ## - LIBRARY OF CONGRESS CALL NUMBER | |
| Classification number | HF5437.D2.C48 |
| 110 ## - MAIN ENTRY--CORPORATE NAME | |
| Corporate name or jurisdiction name as entry element | CIPS |
| 245 ## - TITLE STATEMENT | |
| Title | Business needs in procurement and supply. / |
| Statement of responsibility, etc. | CIPS |
| 260 ## - PUBLICATION, DISTRIBUTION, ETC. | |
| Place of publication, distribution, etc. | Maidenhead, England: |
| Name of publisher, distributor, etc. | Profex, |
| Date of publication, distribution, etc. | 2012. |
| 300 ## - PHYSICAL DESCRIPTION | |
| Extent | 2 vols. : |
| Other physical details | ill. ; |
| 440 ## - SERIES STATEMENT/ADDED ENTRY--TITLE | |
| Title | CIPS study matters, |
| Number of part/section of a work | D2 |
| 500 ## - GENERAL NOTE | |
| General note | Diploma in procurement and supply: course books<br/>Diploma in procurement and supply: revision notes |
| 505 ## - FORMATTED CONTENTS NOTE | |
| Formatted contents note | Contents: Business needs and procurement decisions -- Estimating costs and prices -- Operating financial budgets -- Specifying requirements -- Developing effective specifications -- Defining key performance indicators -- Understanding contract terms -- Assessing pricing arrangements -- Outsourcing -- Planning outsourced procurements -- |
| 650 ## - SUBJECT ADDED ENTRY--TOPICAL TERM | |
| Topical term or geographic name entry element | Industrial procurement -- management |
| 650 ## - SUBJECT ADDED ENTRY--TOPICAL TERM | |
| Topical term or geographic name entry element | Business logistics |
| 942 ## - ADDED ENTRY ELEMENTS (KOHA) | |
| Source of classification or shelving scheme | Library of Congress Classification |
| Koha item type | Books |
| Withdrawn status | Lost status | Source of classification or shelving scheme | Damaged status | Not for loan | Home library | Current library | Shelving location | Date acquired | Source of acquisition | Full call number | Barcode | Date last seen | Price effective from | Koha item type | Copy number |
|---|---|---|---|---|---|---|---|---|---|---|---|---|---|---|---|
| Library of Congress Classification | WISCONSIN INTERNATIONAL UNIVERSITY COLLEGE, GHANA KUMASI LIBRARY | WISCONSIN INTERNATIONAL UNIVERSITY COLLEGE, GHANA KUMASI LIBRARY | General Stacks | 19/11/2019 | STM | HF5437.D2.C48 | K/2658/2658/19 | 24/07/2020 | 24/07/2020 | Books | |||||
| Library of Congress Classification | WISCONSIN INTERNATIONAL UNIVERSITY COLLEGE, GHANA KUMASI LIBRARY | WISCONSIN INTERNATIONAL UNIVERSITY COLLEGE, GHANA KUMASI LIBRARY | General Stacks | 19/11/2019 | STM | HF5437.D2c.C48 | K/2694/2694/19 | 04/03/2022 | 24/07/2020 | Books | 1 |
